000 00320nam a22001337a 4500
008 170613b xxu||||| |||| 00| 0 eng d
020 _a9780321159762
041 _aeng
080 _25 ED
_a32
100 _a19
101 _aSHP
245 _aPOLITICAL IDEOLOGIES AND THE DEMOCRATIC IDEAL
_cBALL.T
942 _2udc
_cBK
999 _c17237
_d17237